000 00493nam a2200193Ia 4500
003 STCL
008 221019s9999 xx 000 0 und d
020 _a9788185944906
040 _aSTCL
_cSTCL
_bEN
082 _222
100 _aPalkhivala, Nani A
245 0 _aWe, the nation: the lost decades
246 _aWe the nation: The lost decades
260 _bUBS Publishers' Distributors
_aNew Delhi
_c2014
300 _a332 p
365 _b275
546 _aEnglish
942 _cBK
_2DDC
_e22
999 _c87982
_d87982